Normal view
MARC view
- تاليف العتوم، علي
Entry Personal Name
001 - CONTROL NUMBER
- control field: 50423
003 - CONTROL NUMBER IDENTIFIER
- control field: JO-AjAnu
005 - DATE AND TIME OF LATEST TRANSACTION
- control field: 20230606082313.0
008 - FIXED-LENGTH DATA ELEMENTS
- fixed length control field: 230606|| aca||aabn | a|a d
040 ## - CATALOGING SOURCE
- Original cataloging agency: JO-AjAnu
- Transcribing agency: JO-AjAnu
100 ## - HEADING--PERSONAL NAME
- Personal name: تاليف العتوم، علي
670 ## - SOURCE DATA FOUND
- Source citation: Work cat.: (JO-AjAnu)25779: تاليف العتوم، علي, author, الجولان السوري وفلسطينها سوريتان كلاهما صنوان، أرض ووطن لا فرق أو تفريق بينهما فالعدو واحد